000 00699nam a2200205Ia 4500
003 OSt
005 20220926030905.0
006 a|||||r|||| 00| 0
007 ta
008 220923b |||||||| |||| 00| 0 eng d
037 _cGeneral Book
040 _aRTL
_cRTL
_beng
041 _2eng
_aeng
082 _aXM8.28253.N76<--N72s, L6
245 0 _aRajasthan financial corporation jaipur
_b 17th,18th, 19th ,20th, 21st Annual report and accounts 31st Mar.1972-76.
260 _aRajasthan
_bfinancial corporation
_c1972
300 _a1972(57p) 73(63p)n 74(65p) 75(69p) 76(74p)
_ccm.
942 _hXM8.28253.N76<--N72s, L6
_cGB
_2CC
999 _c650972
_d650972